[Event "BUL-chT-B 60th"]
[Site "Albena"]
[Date "2010.05.30"]
[Round "5.5"]
[White "Kamenov, Gerasim"]
[Black "Dimov, Dian"]
[Result "1/2-1/2"]
[WhiteElo "2131"]
[BlackElo "2301"]
[PlyCount "107"]
[EventDate "2010.05.27"]
[EventType "team-tourn"]
[EventRounds "9"]
[EventCountry "BUL"]
[SourceTitle "CBM 136 Extra"]
[Source "ChessBase"]
[SourceDate "2010.07.02"]
[SourceVersion "2"]
[SourceVersionDate "2010.07.15"]
[SourceQuality "1"]
[WhiteTeam "Sofia Slavia"]
[BlackTeam "Abritus"]
[WhiteTeamCountry "BUL"]
[BlackTeamCountry "BUL"]

1. Nf3 g6 2. d4 Bg7 3. c4 c5 4. Nc3 cxd4 5. Nxd4 Nc6 6. Nxc6 bxc6 7. Qc2 d6 8. b3 Bf5 9. Qd2 Nf6 10. Bb2 Qa5 11. f3 d5 12. Ne4 Qxd2+ 13. Nxd2 0-0 14. g4 Be6 15. e3 Bh6 16. Bd4 Nd7 17. cxd5 cxd5 18. h4 Bg7 19. Bd3 Ne5 20. Ke2 Bd7 21. Bxe5 Bxe5 22. Rac1 Bd6 23. Rc2 Rfc8 24. Rhc1 Rxc2 25. Rxc2 Rc8 26. Rxc8+ Bxc8 27. e4 d4 28. Kf2 Bf4 29. Nc4 Bd7 30. Na5 h5 31. gxh5 gxh5 32. a4 Kg7 33. Bb5 Bxb5 34. axb5 d3 35. Nc6 Kf6 36. Nxa7 Ke6 37. Nc6 Kd6 38. Nb4 d2 39. Ke2 e6 40. Nd3 Bg3 41. Kxd2 Bxh4 42. Ke2 Bd8 43. Kf2 h4 44. Kg2 f5 45. Kh3 fxe4 46. fxe4 Be7 47. Kg4 Bd8 48. b6 Kc6 49. b7 Kxb7 50. Nc5+ Kc6 51. Nxe6 Bf6 52. Nf4 Kc5 53. Kf5 Bh8 54. Kg4 1/2-1/2

[Event "BUL-chT-B 60th"]
[Site "Albena"]
[Date "2010.05.30"]
[Round "6.2"]
[White "Slavov, Dimitar"]
[Black "Kamenov, Gerasim"]
[Result "1-0"]
[WhiteElo "2227"]
[BlackElo "2131"]
[PlyCount "77"]
[EventDate "2010.05.27"]
[EventType "team-tourn"]
[EventRounds "9"]
[EventCountry "BUL"]
[SourceTitle "CBM 136 Extra"]
[Source "ChessBase"]
[SourceDate "2010.07.02"]
[SourceVersion "2"]
[SourceVersionDate "2010.07.15"]
[SourceQuality "1"]
[WhiteTeam "Pazardzhik"]
[BlackTeam "Sofia Slavia"]
[WhiteTeamCountry "BUL"]
[BlackTeamCountry "BUL"]

1. c4 Nf6 2. Nc3 d5 3. d4 e6 4. Nf3 Be7 5. Bg5 h6 6. Bxf6 Bxf6 7. e3 c6 8. Qc2 b6 9. cxd5 exd5 10. Be2 0-0 11. b4 c5 12. bxc5 bxc5 13. 0-0 cxd4 14. Nxd4 Ba6 15. Rfd1 Bxe2 16. Ndxe2 Na6 17. Rac1 Rc8 18. Qa4 Nc5 19. Qxa7 d4 20. Nxd4 Rc7 21. Qa3 Be7 22. Nf5 Nd3 23. Nxe7+ Rxe7 24. Rxd3 Qxd3 25. Qxe7 Qd2 26. Qa3 Rc8 27. h3 Rc4 28. Kh2 g6 29. Qb3 Qd6+ 30. g3 Qc6 31. Kg1 h5 32. Qb2 h4 33. Ne2 hxg3 34. fxg3 Rxc1+ 35. Qxc1 Qf3 36. Qd2 Kh7 37. a4 Kg8 38. a5 Kh7 39. a6 1-0

[Event "BUL-chT-B 60th"]
[Site "Albena"]
[Date "2010.05.28"]
[Round "2.2"]
[White "Popov, Ilian"]
[Black "Kamenov, Gerasim"]
[Result "1/2-1/2"]
[WhiteElo "2248"]
[BlackElo "2131"]
[PlyCount "94"]
[EventDate "2010.05.27"]
[EventType "team-tourn"]
[EventRounds "9"]
[EventCountry "BUL"]
[SourceTitle "CBM 136 Extra"]
[Source "ChessBase"]
[SourceDate "2010.07.02"]
[SourceVersion "2"]
[SourceVersionDate "2010.07.15"]
[SourceQuality "1"]
[WhiteTeam "Dobrich Energiya 21"]
[BlackTeam "Sofia Slavia"]
[WhiteTeamCountry "BUL"]
[BlackTeamCountry "BUL"]

1. e4 d5 2. exd5 Nf6 3. c4 c6 4. d4 cxd5 5. Nc3 e6 6. c5 b6 7. b4 a5 8. Na4 Nfd7 9. Bb5 Ba6 10. Qe2 bxc5 11. bxc5 Ra7 12. Nf3 Qc7 13. Bg5 Bxb5 14. Qxb5 Rb7 15. Nb6 Qc6 16. Rb1 Nxb6 17. Qxc6+ Nxc6 18. Rxb6 Rxb6 19. cxb6 Bd6 20. Ke2 Kd7 21. Rb1 Rb8 22. Rb5 f6 23. Bd2 Bb4 24. a4 Bxd2 25. Kxd2 Kc8 26. Kc3 Kd7 27. Nd2 Kd6 28. f4 e5 29. fxe5+ fxe5 30. dxe5+ Nxe5 31. b7 Nc6 32. Nb3 Re8 33. Nd4 Nb8 34. Rxa5 Re3+ 35. Kd2 Re4 36. Kd3 Re1 37. Rb5 g5 38. a5 Rd1+ 39. Ke3 Re1+ 40. Kf2 Ra1 41. Rb6+ Kd7 42. Nc6 Kc7 43. Nxb8 Kxb8 44. a6 d4 45. Re6 Ra2+ 46. Re2 Ra3 47. Re4 h5 1/2-1/2

[Event "BUL-chT-B Group qual B"]
[Site "Sofia"]
[Date "2010.02.19"]
[Round "1.6"]
[White "Vasilev, Dimitar"]
[Black "Kamenov, Gerasim"]
[Result "0-1"]
[WhiteElo "1859"]
[BlackElo "2104"]
[PlyCount "61"]
[EventDate "2010.02.19"]
[EventType "team-tourn"]
[EventRounds "4"]
[EventCountry "BUL"]
[SourceTitle "CBM 135 Extra"]
[Source "ChessBase"]
[SourceDate "2010.05.04"]
[SourceVersion "1"]
[SourceVersionDate "2010.05.04"]
[SourceQuality "1"]
[WhiteTeam "Slivnitsa Geroy"]
[BlackTeam "Sofia Slavia"]
[WhiteTeamCountry "BUL"]
[BlackTeamCountry "BUL"]

1. d4 Nf6 2. Nf3 d5 3. g3 e6 4. Bg2 Be7 5. Nbd2 0-0 6. 0-0 b6 7. b3 Nbd7 8. Bb2 Bb7 9. Rc1 Rc8 10. c4 c5 11. e3 h6 12. Qe2 Rc7 13. Rfd1 Qa8 14. dxc5 Nxc5 15. Be5 Rcc8 16. Nd4 Nfd7 17. N4f3 Rfd8 18. Bb2 Nf6 19. Nd4 dxc4 20. Bxb7 Qxb7 21. Nxc4 Rd5 22. Nf3 Rcd8 23. Nfe5 Nfe4 24. h4 f6 25. Ng6 Nd3 26. Rxd3 Rxd3 27. Nf4 Nd2 28. Nxd3 Nf3+ 29. Kf1 Nd4 30. Ke1 Nxe2 31. Kxe2 0-1

[Event "BUL-chT2"]
[Site "Sunny Beach"]
[Date "2009.06.14"]
[Round "7.3"]
[White "Kamenov, Gerasim"]
[Black "Janchev, Petar"]
[Result "0-1"]
[WhiteElo "2212"]
[BlackElo "2225"]
[PlyCount "176"]
[EventDate "2009.06.08"]
[EventType "team-swiss"]
[EventRounds "7"]
[EventCountry "BUL"]
[SourceTitle "CBM 130 Extra"]
[Source "ChessBase"]
[SourceDate "2009.07.02"]
[SourceVersion "2"]
[SourceVersionDate "2009.07.15"]
[SourceQuality "1"]

1. Nf3 Nf6 2. c4 d6 3. d4 Nbd7 4. Nc3 e5 5. g3 Be7 6. Bg2 0-0 7. 0-0 c6 8. dxe5 dxe5 9. Qc2 Qc7 10. b3 Re8 11. Bb2 Bf8 12. e4 a5 13. Na4 Nc5 14. Nxc5 Bxc5 15. h3 Nd7 16. a3 f6 17. Bc3 Bf8 18. Bd2 Nb8 19. Be3 Be6 20. Rfd1 Na6 21. c5 Red8 22. Qc3 Qe7 23. b4 axb4 24. axb4 Nc7 25. Bf1 Nb5 26. Qc2 Qf7 27. Rxa8 Rxa8 28. Bxb5 cxb5 29. Qe2 Bxh3 30. Nh4 Bd7 31. Qd3 Bc6 32. Nf5 Qc4 33. Qxc4+ bxc4 34. Nd6 Rd8 35. f3 c3 36. Rc1 Bxd6 37. cxd6 Rxd6 38. Rxc3 Rd1+ 39. Kf2 Rb1 40. Bc5 Rb2+ 41. Kg1 h5 42. Rc1 g5 43. Rf1 Kf7 44. Rf2 Rb1+ 45. Rf1 Rb3 46. Kf2 g4 47. fxg4 hxg4 48. Re1 Rb2+ 49. Re2 Rb1 50. Re1 Rxe1 51. Kxe1 Bxe4 52. Kf2 Ke6 53. Ke3 Bc6 54. Bb6 Kd7 55. Kd3 Bd5 56. Ke3 f5 57. Ba7 Kc7 58. Bc5 Kc6 59. Be7 Kb5 60. Bd6 Kc4 61. Be7 Be6 62. Bd6 Kd5 63. Be7 Bd7 64. Bc5 Bb5 65. Bb6 Bf1 66. Bc7 Bg2 67. Bb8 Be4 68. Bc7 Bc2 69. Bb8 Ba4 70. Bc7 Bc6 71. Bb8 Ke6 72. Bc7 f4+ 73. gxf4 e4 74. f5+ Kxf5 75. Bg3 Ba4 76. Bc7 Bd1 77. b5 Ba4 78. b6 Bd1 79. Bg3 Bf3 80. Bh2 Ke6 81. Kf4 Kd5 82. Bg1 Kc4 83. Be3 Kd3 84. Bc5 Ke2 85. Bd4 Bh1 86. Bc5 Kd3 87. Bg1 g3 88. Kxg3 e3 0-1

[Event "BUL-chT2"]
[Site "Sunny Beach"]
[Date "2009.06.10"]
[Round "3.2"]
[White "Kamenov, Gerasim"]
[Black "Ivanov, Borislav"]
[Result "1/2-1/2"]
[WhiteElo "2212"]
[BlackElo "2002"]
[PlyCount "108"]
[EventDate "2009.06.08"]
[EventType "team-swiss"]
[EventRounds "7"]
[EventCountry "BUL"]
[SourceTitle "CBM 130 Extra"]
[Source "ChessBase"]
[SourceDate "2009.07.02"]
[SourceVersion "2"]
[SourceVersionDate "2009.07.15"]
[SourceQuality "1"]

1. Nf3 Nf6 2. c4 c6 3. d4 d5 4. e3 Bg4 5. Be2 e6 6. Nc3 Nbd7 7. 0-0 Bd6 8. h3 Bh5 9. b3 0-0 10. Bb2 Qe7 11. Qc2 Bg6 12. Bd3 Bxd3 13. Qxd3 Rad8 14. e4 dxe4 15. Nxe4 Nxe4 16. Qxe4 Ba3 17. Rab1 Bxb2 18. Rxb2 Rfe8 19. Rd2 Nf6 20. Qe3 a5 21. Rfd1 Ra8 22. Ne5 h6 23. a4 Qc7 24. Qf3 Rab8 25. g3 Rec8 26. Rc2 Rd8 27. Ng4 Qe7 28. Ne5 Qc7 29. Rcd2 Rd6 30. c5 Rdd8 31. Nc4 Nd5 32. Rc2 Ra8 33. h4 Qe7 34. Kg2 Qf6 35. Qe4 Ra7 36. Nd6 Raa8 37. Rd3 Qe7 38. Rf3 Rf8 39. Nc4 Qd8 40. Rd2 Qc7 41. Rdd3 b5 42. cxb6 Nxb6 43. Nxb6 Qxb6 44. Rc3 Rad8 45. Rxc6 Qxd4 46. Qxd4 Rxd4 47. Ra6 Rd5 48. Ra7 f6 49. Rc3 Kh7 50. Re7 e5 51. h5 e4 52. Rxe4 Rxh5 53. b4 axb4 54. Rxb4 Re8 1/2-1/2

[Event "BUL-chT2"]
[Site "Sunny Beach"]
[Date "2009.06.09"]
[Round "2.2"]
[White "Stoynov, Yordan"]
[Black "Kamenov, Gerasim"]
[Result "1/2-1/2"]
[WhiteElo "2268"]
[BlackElo "2212"]
[PlyCount "97"]
[EventDate "2009.06.08"]
[EventType "team-swiss"]
[EventRounds "7"]
[EventCountry "BUL"]
[SourceTitle "CBM 130 Extra"]
[Source "ChessBase"]
[SourceDate "2009.07.02"]
[SourceVersion "2"]
[SourceVersionDate "2009.07.15"]
[SourceQuality "1"]

1. e4 d5 2. exd5 Nf6 3. Nc3 Nxd5 4. Bc4 e6 5. Qf3 c6 6. Nge2 Nd7 7. d4 N7b6 8. Bb3 Nxc3 9. bxc3 Be7 10. Qg3 0-0 11. a4 Nd5 12. c4 Bd6 13. Qf3 Ne7 14. c5 Bc7 15. 0-0 b6 16. cxb6 axb6 17. Bg5 Qd7 18. Bxe7 Qxe7 19. Qxc6 Bb7 20. Qc3 Rac8 21. Qe3 Rfd8 22. Ng3 Qb4 23. Rad1 Bb8 24. Ne4 h6 25. Rfe1 Rc7 26. Re2 Rcd7 27. Red2 Bxe4 28. Qxe4 e5 29. g3 exd4 30. Rd3 Re7 31. Qa8 Bc7 32. Qc6 Qc5 33. Qf3 Be5 34. Re1 Bf6 35. Rxe7 Qxe7 36. Qf5 Qe5 37. Qxe5 Bxe5 38. Rf3 Bf6 39. Kf1 Re8 40. Rf5 Re5 41. Rxe5 Bxe5 42. Ke2 Kf8 43. Kd3 Ke7 44. f4 Bf6 45. Kc4 Kd6 46. Kb5 Kc7 47. Bxf7 g5 48. Kc4 Kd6 49. fxg5 1/2-1/2

[Event "Sofia Gerenski Memorial 2nd"]
[Site "Sofia"]
[Date "2009.03.26"]
[Round "8"]
[White "Kamenov, Gerasim"]
[Black "Cholakov, Stefan"]
[Result "1/2-1/2"]
[WhiteElo "2212"]
[BlackElo "2106"]
[PlyCount "85"]
[EventDate "2009.03.21"]
[EventType "swiss"]
[EventRounds "9"]
[EventCountry "BUL"]
[SourceTitle "CBM 129 Extra"]
[Source "ChessBase"]
[SourceDate "2009.05.05"]
[SourceVersion "2"]
[SourceVersionDate "2009.05.20"]
[SourceQuality "1"]

1. Nf3 Nf6 2. d4 g6 3. g3 Bg7 4. Bg2 c5 5. 0-0 cxd4 6. Nxd4 Nc6 7. c4 0-0 8. Nc3 Qb6 9. e3 a6 10. b3 d6 11. Bb2 Bg4 12. Qd2 Rad8 13. h3 Bc8 14. Kh2 e6 15. Nxc6 bxc6 16. Ne4 Nxe4 17. Bxe4 d5 18. Bxg7 Kxg7 19. Qc3+ f6 20. c5 Qc7 21. Bg2 e5 22. Rfe1 Be6 23. f4 h5 24. h4 Bg4 25. Rac1 Rf7 26. Qd3 Qa5 27. a4 Bf5 28. Qe2 d4 29. Red1 d3 30. Qd2 Qc7 31. Qc3 exf4 32. exf4 Re7 33. Rd2 Re3 34. Rf1 Re2 35. Rxe2 dxe2 36. Re1 Rd3 37. Qc2 Rxg3 38. Qxe2 Rxb3 39. Qe7+ Qxe7 40. Rxe7+ Kf8 41. Ra7 Rb2 42. Kg3 Rb3+ 43. Kf2 1/2-1/2

[Event "Sofia Gerenski Memorial 2nd"]
[Site "Sofia"]
[Date "2009.03.25"]
[Round "6"]
[White "Kamenov, Gerasim"]
[Black "Spassov, Liuben"]
[Result "0-1"]
[WhiteElo "2212"]
[BlackElo "2417"]
[PlyCount "110"]
[EventDate "2009.03.21"]
[EventType "swiss"]
[EventRounds "9"]
[EventCountry "BUL"]
[SourceTitle "CBM 129 Extra"]
[Source "ChessBase"]
[SourceDate "2009.05.05"]
[SourceVersion "2"]
[SourceVersionDate "2009.05.20"]
[SourceQuality "1"]

1. Nf3 Nf6 2. g3 b5 3. Bg2 Bb7 4. 0-0 e6 5. b3 c5 6. c4 a6 7. Bb2 Be7 8. d3 d5 9. cxd5 Bxd5 10. Nc3 Bb7 11. d4 Nbd7 12. dxc5 Bxc5 13. a3 0-0 14. Qd2 Rc8 15. Rac1 Qb6 16. b4 Be7 17. Rfd1 Rfd8 18. Qf4 Rc4 19. Qd2 Qc7 20. Qe1 Qb8 21. Na2 Rdc8 22. Rxc4 Rxc4 23. Qd2 h6 24. Ne5 Nxe5 25. Bxb7 Qxb7 26. Bxe5 Nd5 27. Bb2 Qc6 28. Rc1 Nb6 29. Nc3 Bg5 30. e3 Bf6 31. Ne2 Rxc1+ 32. Qxc1 Qxc1+ 33. Bxc1 Nc4 34. Kf1 g5 35. h3 h5 36. Ke1 Be5 37. Kd1 f5 38. Kc2 Kf7 39. Kb3 g4 40. h4 Ke7 41. a4 Kd6 42. e4 fxe4 43. a5 e3 44. Bxe3 Nxe3 45. fxe3 Kd5 46. Kc2 Ke4 47. Kd2 Kf3 48. Kd3 Bxg3 49. Nd4+ Kf2 50. Nxe6 Bxh4 51. Nf4 g3 52. Nxh5 g2 53. Nf4 Be7 54. Nh3+ Kg3 55. Ng1 Bxb4 0-1

[Event "Sofia Gerenski Memorial 2nd"]
[Site "Sofia"]
[Date "2009.03.22"]
[Round "3"]
[White "Ljangov, Petar"]
[Black "Kamenov, Gerasim"]
[Result "1-0"]
[WhiteElo "2096"]
[BlackElo "2212"]
[PlyCount "69"]
[EventDate "2009.03.21"]
[EventType "swiss"]
[EventRounds "9"]
[EventCountry "BUL"]
[SourceTitle "CBM 129 Extra"]
[Source "ChessBase"]
[SourceDate "2009.05.05"]
[SourceVersion "2"]
[SourceVersionDate "2009.05.20"]
[SourceQuality "1"]

1. e4 d5 2. exd5 Nf6 3. d4 Nxd5 4. c4 Nb6 5. Nc3 e5 6. Nf3 exd4 7. Qxd4 Qxd4 8. Nxd4 c6 9. Be2 Be7 10. Be3 0-0 11. 0-0 N8d7 12. Nf5 Bf6 13. Rac1 Ne5 14. Nd6 Ng4 15. Bxb6 axb6 16. Nxc8 Nxh2 17. Nxb6 Nxf1 18. Nxa8 Rxa8 19. Kxf1 Bxc3 20. Rxc3 Rxa2 21. Ra3 Rxa3 22. bxa3 Kf8 23. c5 Ke7 24. f4 Ke6 25. Bc4+ Kf5 26. g3 Ke4 27. Ke2 f6 28. Bd3+ Kd4 29. Bxh7 Kxc5 30. Kd3 b5 31. Bg8 Kd6 32. Ke4 c5 33. Ba2 g6 34. g4 c4 35. Kd4 1-0

[Event "BUL-chT2 58th"]
[Site "Borovetz"]
[Date "2008.10.03"]
[Round "3.1"]
[White "Kamenov, Gerasim"]
[Black "Rusev, Rosen Yordanov"]
[Result "1/2-1/2"]
[WhiteElo "2232"]
[BlackElo "2076"]
[PlyCount "69"]
[EventDate "2008.10.01"]
[EventType "team-swiss"]
[EventRounds "7"]
[EventCountry "BUL"]
[SourceTitle "CBM 126 Extra"]
[Source "ChessBase"]
[SourceDate "2008.11.05"]
[SourceVersion "1"]
[SourceVersionDate "2008.11.05"]
[SourceQuality "1"]

1. d4 Nf6 2. g3 d5 3. Bg2 Bf5 4. Nf3 h6 5. 0-0 e6 6. c4 c6 7. b3 Be7 8. Nc3 0-0 9. Bb2 Nbd7 10. cxd5 exd5 11. Rc1 Ne4 12. Nd2 Nxc3 13. Bxc3 Ba3 14. Ra1 a5 15. e4 dxe4 16. Nxe4 Bxe4 17. Bxe4 Nf6 18. Bg2 Nd5 19. Qd2 Re8 20. Rfe1 Qd7 21. Rxe8+ Rxe8 22. Bxa5 b5 23. Bxd5 Qxd5 24. Bb4 Bxb4 25. Qxb4 Re2 26. a4 Qf3 27. Rf1 Rb2 28. Qd6 Rxb3 29. axb5 Rxb5 30. Qe7 Rb2 31. Qe3 Qd5 32. Rc1 Kh7 33. Qc3 Rb6 34. Qc5 Qxc5 35. Rxc5 1/2-1/2